| 000 | 01012cam a22002531 4500 | ||
|---|---|---|---|
| 001 | gs 15000667 | ||
| 003 | DLC | ||
| 005 | 20260227111318.0 | ||
| 008 | 800124s1915 dcuabf 00010 eng c | ||
| 010 | _ags 15000667 //r95 | ||
| 040 |
_aU.S. Geol. survey. Library _cDLC _dDLC |
||
| 043 | _an-us-ak | ||
| 050 | 0 | 0 |
_aQE75 _b.B9 no. 587 |
| 051 |
_aQE84.K4 _bM3 _cCopy 2. |
||
| 100 | 1 | 0 |
_aMartin, G. C. _q(George Curtis), _d1875-1943. |
| 245 | 0 | 0 |
_aGeology and mineral resources of Kenai peninsula, Alaska, _cby G. C. Martin, B. L. Johnson and U. S. Grant. |
| 260 | 0 |
_aWashington, _bGovt. print. off., _c1915. |
|
| 300 |
_a243 p. _billus., plates (part fold.) fold. maps (3 in pocket) fold. tab., diagrs. (part fold.) _c25 cm. |
||
| 490 | 0 | _aUnited States. Geological survey. Bulletin 587 | |
| 650 | 0 |
_aGeology _zAlaska _zKenai peninsula. |
|
| 650 | 0 |
_aMines and mineral resources _zAlaska. |
|
| 700 | 1 | 0 |
_aJohnson, Bertrand Leroy, _d1882- _ejoint author. |
| 700 | 1 | 0 |
_aGrant, Ulysses Sherman, _d1867-1932, _ejoint author. |
| 999 |
_c25561 _d25561 |
||